000
00346nam a2200133Ia 4500
003
GCL
008
140319s9999 xx 000 0 ara d
040
_a
GCL /
_c
GCL
082
0
4
_a
270
_b
ع ص
245
1
0
_a
الصليب والابن الضال
260
_a
[S.N] :
_b
دار الثقافة المسيحية ،
_c
1986
300
_a
75 ص
490
_a
999
_c
30088
_d
30088